000 00641nam a2200205Ia 4500
003 PE SENCICO BE
005 20260220213556.0
008 200515s9999 xx 000 0 und d
040 _aPE SENCICO BE
_cPE SENCICO BE
041 _aspa
082 _a728.31
_bJ81
100 1 _aJuarez Rumaldo, Percy Julio
_9203
_eautor
245 1 0 _aVivienda multifamiliar :
_bproyecto de certificación /
_cPercy Julio Juárez Rumaldo
260 _aLima :
_c1999
300 _a70 [hojas]
_bplanos ;
_c29 cm.
650 1 0 _aViviendas multifamiliares
_9389
650 2 0 _aDibujo arquitectónico
_9387
650 2 0 _aDibujo técnico
_9388
942 _cLIB
_2ddc
999 _c3600
_d3600